Lucas Jraiche

Detroit Catholic Central B


Categories

History - World3500954891.3800
History - European08008071100.3800
History - Cross, Historiography, and Miscellaneous07007064102.8600
History - American0600606383.3300
Fine Arts - Music030030112120.0000
RMP - Philosophy030030100117.6700
Fine Arts - Painting1100256192.0001
Science - Biology020020107116.0000
Literature - American0200207888.0000
Geography - World0200207088.5000
RMP - Greco-Roman Mythology1000153737.0000
Current Events - U.S.1000155656.0000
Science - Earth0100109090.0000
Science - Physics010010106106.0000
Social Science - Other010010122122.0000
Social Science - Psychology010010108108.0000
Fine Arts - Ballet/Dance010010122122.0000
Fine Arts - Jazz010010126126.0000
Fine Arts - Miscellaneous010010103103.0000
Geography - United States010010117117.0000
Literature - British0100109999.0000
Literature - European010010102102.0000
Literature - World and Miscellaneous010010120120.0000
Other - Other Academic and General Knowledge0100109393.0000
RMP - Islam010010108108.0000
RMP - World Mythology010010132132.0000
Science - Astronomy010010100100.0000
Science - Engineering and Miscellaneous000000.0000

Buzzes

RMP - Greco-Roman MythologyDido2037
History - WorldParaguay2048
History - WorldAshoka the Great2051
Fine Arts - Paintingartist053
History - World1990s2054
Current Events - U.S.Tennessee2056
Fine Arts - PaintingM. C. Escher2061
History - AmericanWest Point1063
History - Cross, Historiography, and Miscellaneouschildren1064
Geography - WorldOntario1070